000 00575cam a2200217ua 4500
001 6947
008 140723n ii |||gr||||Z||||||asm
020 _a9789382750116
040 _cMAIN
082 _a370.54
100 _aChangmai, Jogesh,
_eAuthor.
245 1 2 _aSomosamoyik bharatiya shikshar bicharjya dikhsomuh
_cby Jogesh Changmai
250 _a1st ed.
260 _aDibrugarh:
_bBanalata,
_c2013.
300 _a228p.
653 _aEducation
653 _aIndian education
700 _aGogoi, Paban,
_eAuthor.
700 _aRajkhowa, Porag,
_eAuthor.
942 _cBK
999 _c6090
_d6090